Quick Pick: Pixar Characters by Occupation Quiz Stats

 Plays Quiz Updated Jun 20, 2017

Support Sporcle.
Go Orange.
Score 0/14 Timer 01:30
1 Play Today
% Correct
Lightning McQueen
86.5%
James P. Sullivan
79.3%
WALL-E
79.1%
Edna Mode
75.4%
P.T. Flea
66.7%
Anton Ego
63.9%
P. Sherman
63.7%
% Correct
Bob Parr
58.6%
Al McWhiggin
57.3%
Charles F. Muntz
56.6%
Mr. Ray
52.7%
Abigail Hardscrabble
49.4%
Roz
44.4%
Butch
37%

Today's Daily Dose

You're not logged in!

Compare scores with friends on all Sporcle quizzes.
OR
Log In
Forgot?

From the Vault

Double Click: Compound Words

by MSUKent

To compound matters, there are two different answers.
Remove Ads.
Support Sporcle.
Get the best of Sporcle when you Go Orange. This ad-free experience offers more features, more stats, and more fun while also helping to support Sporcle. Thank you for becoming a member.

Show Comments

Extras

Top Quizzes Today


Score Distribution

Your Account Isn't Verified!

In order to create a playlist on Sporcle, you need to verify the email address you used during registration. Go to your Sporcle Settings to finish the process.

Report this User

Report this user for behavior that violates our Community Guidelines.

Details: